000 00311nam a2200109Ia 4500
008 220216s9999 xx 000 0 und d
100 _aHaridasan V
245 0 _aCommercial evaluation of rubber wood and seed in India
260 _bRubber Board, Kottayam. 1974
_c1974
700 _aKrishnankutty P N
942 _cBO
999 _c48251
_d48251